000 00224 a2200097 4500
001 34554
100 _aFeiler, Jesse
245 _aApplication Servers
260 _aCalifornia
_bMorgan Kaufmann
_c2000
090 _c22837
_d22837
942 _aNUST-CAE
_cM
_c14266
999 _c269627
_d269627